000 01038nam a2200229Ii 4500
003 JO-AjNU
008 230605s9999||||xx |||||||||||||| ||und||
017 _a2007/12/3699
020 _a978-9957-19-024-8
040 _aJO-AjNU
_bara
_erda
_cJO-AjNU
041 _aara
050 1 4 _aPJ7561.H37 2008
100 3 _aالموسى،نهاد تحرير.....وآخرون؛ جدعان، فهمي المشرف العام؛ المصري، عبد الرحمن تدقيق لغوي,
_eauthor
_949602
245 0 0 _aحصاد القرآن المنجزات العلمية والإنسانية في القرن العشرين الأدب والنقد +الفنون
250 _aط1
264 3 1 _aعمان:مؤسسة عبد الحميد شومان،2008/بيروت:المؤسسة العربية للدراسات والنشر،2008
300 _a617ص
336 _atext
_btxt
_2rdacontent
337 _aunmediated
_bn
_2rdamedia
338 _avolume
_bnc
_2rdacarrier
650 4 _aالعالم-تاريخ- القرن العشرون-القرآن
_949603
999 _aA21796
_c25364
_d25364